Library Banner

Pakistan Cultre: (Record no. 73491)

MARC details
000 -LEADER
fixed length control field 00463nam a22001577a 4500
005 - DATE AND TIME OF LATEST TRANSACTION
control field 20150731152126.0
008 - FIXED-LENGTH DATA ELEMENTS--GENERAL INFORMATION
fixed length control field 150731b xxu||||| |||| 00| 0 eng d
020 ## - INTERNATIONAL STANDARD BOOK NUMBER
International Standard Book Number 969415023X
040 ## - CATALOGING SOURCE
Transcribing agency PK-LaUMT
082 ## - DEWEY DECIMAL CLASSIFICATION NUMBER
Classification number KHC 306.095491
Item number YUS-P
100 ## - MAIN ENTRY--PERSONAL NAME
Personal name Yusuf Abbasi, Muhammad
245 ## - TITLE STATEMENT
Title Pakistan Cultre:
Remainder of title a profile
Statement of responsibility, etc Muhammad Yusuf Abbasi
260 ## - PUBLICATION, DISTRIBUTION, ETC. (IMPRINT)
Place of publication, distribution, etc Islamabad
Name of publisher, distributor, etc National Institute of historical and cultural research
Date of publication, distribution, etc 1992
300 ## - PHYSICAL DESCRIPTION
Extent 454 p.
942 ## - ADDED ENTRY ELEMENTS (KOHA)
Koha item type Books
Holdings
Withdrawn status Lost status Damaged status Home library Current library Date acquired Full call number Barcode Date last seen Price effective from Koha item type
      UMT Main Campus UMT Main Campus 2015-07-31 KHC 306.095491 YUS-P 69553 2015-07-31 2015-07-31 Books